|
|
|
|
| LEADER |
00000nam1a2200000 4500 |
| 001 |
292075 |
| 005 |
20231101000832.0 |
| 035 |
|
|
|a (RuTPU)RU\TPU\book\316688
|
| 090 |
|
|
|a 292075
|
| 100 |
|
|
|a 20150420d1868 k y0rusy50 ca
|
| 101 |
0 |
|
|a rus
|
| 102 |
|
|
|a RU
|
| 200 |
1 |
|
|a Курс анализа, читанный в Парижской политехнической школе
|e пер. с фр.
|f Ш. Ф. Штурм
|g пер. В. Синцова
|
| 210 |
|
|
|a Санкт-Петербург
|a Москва
|c Издание книгопродавца-типографа М. О. Вольфа
|d 1868
|
| 300 |
|
|
|a Перевод со второго французского издания
|
| 700 |
|
1 |
|a Штурм
|b Ш. Ф.
|c французский математик
|c член Парижской академии наук
|c профессор Политехнической школы
|f 1803-1855
|g Жак Шарль Франсуа
|2 stltpush
|3 (RuTPU)RU\TPU\pers\34292
|
| 702 |
|
1 |
|a Синцов
|b В.
|4 730
|
| 801 |
|
1 |
|a RU
|b 63413507
|c 20150420
|
| 801 |
|
2 |
|a RU
|b 63413507
|c 20210115
|g RCR
|
| 942 |
|
|
|c BK
|